Crop protection, កិច្ចការពារដំណាំ (Record no. 9511)

000 -LEADER
fixed length control field 00294nam a22001217a 4500
040 ## - CATALOGING SOURCE
Transcribing agency SY
082 ## - DEWEY DECIMAL CLASSIFICATION NUMBER
Classification number 632
100 ## - MAIN ENTRY--AUTHOR NAME
Personal name NGIN CHHAY; និង ឆាយ
245 ## - TITLE STATEMENT
Title Crop protection, កិច្ចការពារដំណាំ
260 ## - PUBLICATION, DISTRIBUTION, ETC. (IMPRINT)
Place of publication RUA
Name of publisher NGI
Year of publication 1997
300 ## - PHYSICAL DESCRIPTION
Number of Pages 140p.
942 ## - ADDED ENTRY ELEMENTS (KOHA)
Koha item type សៀវភៅភាសាខ្មែរ
952 ## - LOCATION AND ITEM INFORMATION (KOHA)
Withdrawn status [LOCAL, KOHA] 0
Holdings
Permanent Location Date acquired Koha item type Lost status Shelving location Barcode Current Location Full call number
Library Block C2016-09-02សៀវភៅភាសាខ្មែរ C255RUA045318Library Block C632 NGI 1997 C255
មជ្ឈមណ្ឌលឯការនៃសាកលវិទ្យាល័យភូមិន្ទកសិកម្មចំការដូង

Powered by Koha